Talcott Parsons on economy and society

Αποθηκεύτηκε σε:
Λεπτομέρειες βιβλιογραφικής εγγραφής
Κύριος συγγραφέας: Holton, R. J.
Άλλοι συγγραφείς: Turner, Bryan S.
Μορφή: Βιβλίο
Γλώσσα:English
Δημοσίευση: London : Routledge, 1986
Θέματα:
Ετικέτες: Προσθήκη ετικέτας
Δεν υπάρχουν, Καταχωρήστε ετικέτα πρώτοι!

MARC

LEADER 00000nam a2200000 i 4500
001 1/4083
008 960503s1986 eng d
020 |a 0-415-03192-3 
035 |l 10015450 
040 |a GR-MY-UA  |b gre  |e aacr 
041 0 |a eng 
082 0 |a 301.0924 
100 1 |a Holton, R. J. 
245 1 0 |a Talcott Parsons on economy and society /  |c Robert J. Holton; Bryan S. Turner 
260 |a London :   |b Routledge,   |c 1986 
300 |a 276 p. 
504 |a Includes index 
600 1 0 |a Parsons Talcott  |d 1902-1979  |x Criticism and interpretation. 
650 0 0 |a Sociology  |z United States. 
700 1 |a Turner, Bryan S. 
852 |a INST  |b LESVOS  |e 19970515  |h 301.0924 HOL  |p 005100006971  |q 005100006971  |t BK  |y 0 
852 |a INST  |b LESVOS  |e 19960503  |h 301.0924 HOL  |p 005100010394  |q 005100010394  |t BK  |y 0 
909 |a Λ  |b 044982